Kardiotoxicita antracyklínovej liečby vo svetle nových biochemických diagnostických možností

Bibliographic Details
Main Authors: Mladosievičová, Beta, 1961- (Author), Urbanová, Dagmar, 1975- (Author)
Format: Article
Language:Slovak

MARC

LEADER 00000nab a2200000uu 4500
001 vtls011151731
003 SK-MaSNL
005 20260303121248.0
008 230131|2007 xo |||||||||||||||||slo|
015 |a SNBRB 
035 |a (urnnbn)urn:nbn:sk:snk:ar-a0a262 
035 |a (uuid)f633c30c-83bb-4e56-ba30-2c880fec628a 
035 |a urn:nbn:sk:snk-abb138 
040 |a SNKBUCL  |b slo  |c SNKBUCL  |e AACR2 
041 0 |a slo 
044 |a xo  |c SK 
100 1 |a Mladosievičová, Beta,  |d 1961-  |4 aut  |9 224502 
245 1 0 |a Kardiotoxicita antracyklínovej liečby vo svetle nových biochemických diagnostických možností  |c B. Mladosievičová, D. Urbanová 
700 1 |a Urbanová, Dagmar,  |d 1975-  |4 aut  |9 6509 
773 0 |t Vnitřní lékařství : časopis Internistické sekce Československé lékařské společnosti J. E. Purkyně  |g Roč. 53, č. 6 (2007), s. 669-677 
954 |a odborná, vedecká literatúra pôvodná (slovenská)  |2 lita 
958 |a OND 
958 |a EUIPO 
958 |a article14 
999 |c 1914421  |d 1916351